000 00969nam1a2200289 i 4500
001 RU\NLR\bibl\221030
005 20260407065531.0
035 _a(NLR Aleph) 000217097
090 _a1261186
_c1261186
100 _a20020121g20009999u y0rusy50 ca
101 0 _arus
102 _aRU
105 _ay |||||||||
200 1 _aПри алтаре надежды
_eЛит. альм.
_e[Стихи и проза участников лит. студии "Надежда"]
210 _aМ.
_cНорма
_d2000
215 _d20
463 0 _1001195820
463 0 _1001895556
686 _aШ6(2=Р)75-999
686 _aШ6(2=Р)75-98
711 0 2 _a"Надежда", литературная студия
_cМосква
_9564535
_3RU\NLR\AUTH\8810032995
801 0 _aRU
_bNLR
_c20020121
_gPSBO
801 1 _aRU
_bNLR
_c20020121
852 _aNLR
_j2001-3/15162
942 _cBOOK